Bowser's Children from Mario Bros - Statistics

General Stats
  • This quiz has been taken 46 times
  • The average score is 7 of 8
Answer Stats
Answer % Correct
Ludwig von Koopa
90%
Wendy O. Koopa
90%
Bowser Jr.
85%
Larry Koopa
85%
Morton Koopa Jr.
85%
Roy Koopa
85%
Iggy Koopa
83%
Lemmy Koopa
83%
No matching quizzes found
Score Distribution
Percent of People with Each Score
Percentile by Number Answered
Your Score History
You have not taken this quiz